Little Journeys to the Homes of the Great - Volume 03 : (Record no. 243166)
[ view plain ]
| 000 -LEADER | |
|---|---|
| fixed length control field | 01555cam a22003853a 4500 |
| 001 - CONTROL NUMBER | |
| control field | 13911 |
| 003 - CONTROL NUMBER IDENTIFIER | |
| control field | PGUSA |
| 005 - DATE AND TIME OF LATEST TRANSACTION | |
| control field | 20140828083310.0 |
| 008 - FIXED-LENGTH DATA ELEMENTS--GENERAL INFORMATION | |
| fixed length control field | 041031s2004||||xxu|||||s|||||000 | eng d |
| 040 ## - CATALOGING SOURCE | |
| Original cataloging agency | PGUSA |
| Language of cataloging | eng |
| 042 ## - AUTHENTICATION CODE | |
| Authentication code | dc |
| 050 #4 - LIBRARY OF CONGRESS CALL NUMBER | |
| Classification number | E151 |
| 100 1# - MAIN ENTRY--PERSONAL NAME | |
| Personal name | Hubbard, Elbert, |
| Dates associated with a name | 1856-1915 |
| 245 10 - TITLE STATEMENT | |
| Title | Little Journeys to the Homes of the Great - Volume 03 : |
| Remainder of title | Little Journeys to the Homes of American Statesmen |
| Medium | [electronic resource] / |
| Statement of responsibility, etc | Elbert Hubbard |
| 260 ## - PUBLICATION, DISTRIBUTION, ETC. (IMPRINT) | |
| Name of publisher, distributor, etc | Project Gutenberg, |
| Date of publication, distribution, etc | 2004 |
| 505 0# - FORMATTED CONTENTS NOTE | |
| Formatted contents note | George Washington -- Benjamin Franklin -- Thomas Jefferson -- Samuel Adams -- John Hancock -- John Quincy Adams -- Alexander Hamilton -- Daniel Webster -- Henry Clay -- John Jay -- William H. Seward -- Abraham Lincoln. |
| 506 ## - RESTRICTIONS ON ACCESS NOTE | |
| Terms governing access | Public domain in the USA. |
| 516 ## - TYPE OF COMPUTER FILE OR DATA NOTE | |
| Type of computer file or data note | Electronic text |
| 653 ## - INDEX TERM--UNCONTROLLED | |
| Uncontrolled term | Hamilton, Alexander, 1757-1804 |
| 653 ## - INDEX TERM--UNCONTROLLED | |
| Uncontrolled term | Statesmen -- United States -- Biography |
| 653 ## - INDEX TERM--UNCONTROLLED | |
| Uncontrolled term | Washington, George, 1732-1799 -- Homes and haunts |
| 653 ## - INDEX TERM--UNCONTROLLED | |
| Uncontrolled term | Jefferson, Thomas, 1743-1826 -- Homes and haunts |
| 653 ## - INDEX TERM--UNCONTROLLED | |
| Uncontrolled term | Adams, Samuel, 1722-1803 |
| 653 ## - INDEX TERM--UNCONTROLLED | |
| Uncontrolled term | Clay, Henry, 1777-1852 |
| 653 ## - INDEX TERM--UNCONTROLLED | |
| Uncontrolled term | Seward, William Henry, 1801-1872 |
| 653 ## - INDEX TERM--UNCONTROLLED | |
| Uncontrolled term | Jay, John, 1745-1829 |
| 653 ## - INDEX TERM--UNCONTROLLED | |
| Uncontrolled term | Adams, John Quincy, 1767-1848 |
| 653 ## - INDEX TERM--UNCONTROLLED | |
| Uncontrolled term | Lincoln, Abraham, 1809-1865 -- Homes and haunts |
| 653 ## - INDEX TERM--UNCONTROLLED | |
| Uncontrolled term | Franklin, Benjamin, 1706-1790 |
| 653 ## - INDEX TERM--UNCONTROLLED | |
| Uncontrolled term | Webster, Daniel, 1782-1852 |
| 653 ## - INDEX TERM--UNCONTROLLED | |
| Uncontrolled term | Hancock, John, 1737-1793 |
| 830 #0 - SERIES ADDED ENTRY--UNIFORM TITLE | |
| Uniform title | Project Gutenberg |
| Volume number/sequential designation | 13911 |
| 856 40 - ELECTRONIC LOCATION AND ACCESS | |
| Uniform Resource Identifier | <a href="http://www.gutenberg.org/ebooks/13911">http://www.gutenberg.org/ebooks/13911</a> |
| 942 ## - ADDED ENTRY ELEMENTS (KOHA) | |
| Koha item type | eBooks |
| Withdrawn status | Lost status | Damaged status | Home library | Current library | Date acquired | Total Checkouts | Date last seen | Price effective from | Koha item type |
|---|---|---|---|---|---|---|---|---|---|
| Project Gutenberg | Project Gutenberg | 08/28/2014 | 08/28/2014 | 08/28/2014 | eBooks |